| 000 | 00707nam a2200253Ia 4500 | ||
|---|---|---|---|
| 003 | OSt | ||
| 005 | 20220918222503.0 | ||
| 006 | a|||||r|||| 00| 0 | ||
| 007 | ta | ||
| 008 | 220917b |||||||| |||| 00| 0 eng d | ||
| 024 | _a217,071 | ||
| 037 | _cTextual | ||
| 040 |
_aARTS _cARTS _beng |
||
| 041 |
_2eng _aeng |
||
| 082 | _aV1:19k, P2 | ||
| 100 |
_aGriffiths Martin _9143306 |
||
| 245 | 0 |
_aInternational relations _b the key concepts |
|
| 260 |
_aLondon _bRoutledge _c2002 |
||
| 300 |
_axvi, 399p _ccm. |
||
| 650 | _aPOLITICAL SCIENCE | ||
| 700 |
_a O'Callaghan Terry _9143307 |
||
| 942 |
_hV1:19k, P2 _cTEXL _2CC |
||
| 999 |
_c275692 _d275692 |
||